|
|
|
|
| LEADER |
00953nam a22002057a 4500 |
| 020 |
|
|
|a 978-81-264-3219-6
|
| 082 |
|
|
|a 894.M3
|b BEN/M Q1
|
| 100 |
|
|
|a ബെന്യാമിന്;
|9 7104
|
| 100 |
|
|
|a Benyamin
|9 6336
|
| 240 |
|
|
|a Manjaveyil maranangal
|
| 245 |
|
|
|a മഞ്ഞവെയില് മരണങ്ങള്
|
| 250 |
|
|
|a 1st
|
| 260 |
|
|
|a Kottayam;
|b D C Books;
|c 2011
|
| 300 |
|
|
|a 351p.
|
| 650 |
|
|
|a മലയാളം; മലയാളം നോവല്
|9 3
|
| 650 |
|
|
|a Malayalam; Malayalam Novel; Literature; Malayalam Fiction
|9 7120
|
| 942 |
|
|
|c BK
|
| 999 |
|
|
|c 32048
|d 32048
|
| 952 |
|
|
|0 0
|1 0
|4 0
|6 894_000000000000000_M3_BEN_M_Q1
|7 0
|8 FIC
|9 35320
|a MAL
|b MAL
|d 2015-05-08
|e 51710
|g 195.00
|l 0
|o 894.M3 BEN/M Q1
|p MAL051710
|r 2015-05-08
|t 1
|w 2015-05-08
|y BK
|
| 952 |
|
|
|0 0
|1 0
|4 0
|6 894_000000000000000_M3_BENM
|7 0
|8 GIF
|9 293010
|a DCB
|b DCB
|d 2020-02-29
|l 1
|o 894.M3 BEN-M
|p DCBG-0095
|q 2020-11-27
|r 2020-11-13
|s 2020-11-13
|w 2020-02-29
|y BK
|z gift by Smt. Jaya Mol
|